Suomalaiset Formula 1 -kuljettajat - Statistics

Yleistilastot
  • Tätä visaa on pelattu 161 kertaa
  • Keskiarvotulos 6 / 8
Vastaustilastot
Kuljettaja GP:t Podiumit Voitot Paalut Nop.kierrokset MM % Oikein
Kimi Räikkönen 349 103 21 18 46 1
98%
Valtteri Bottas 246 67 10 20 19
95%
Mika Häkkinen 161 51 20 26 25 2
94%
Keke Rosberg 114 17 5 5 3 1
88%
Mika Salo 109 2
67%
Heikki Kovalainen 111 4 1 1 2
66%
JJ Lehto 62 1
47%
Leo Kinnunen 1
19%
Ehtoja vastaavia visoja ei löytynyt
Tulosjakauma
Jokaisen tuloksen saaneiden osuus
Persentiili vastausten määrän mukaan
Tuloshistoriasi
Et ole pelannut tätä visaa